000 00498 a2200133 4500
005 20250607122623.0
020 _a978-9988-2-2066-2
082 _aREF 060.96 ARC
245 _a4th Applied Research Conference in Africa 27-29 August 2015, Institute of Agricultural Research & Training Ibadan, Nigeria
260 _aNigeria,
_bApplied Research Coference in Africa (ARCA),
_c2016.
300 _axxi, 511p.: Ill.; figures & table.
_c28cm.
700 _aNANI, G . & ATEPOR, L.
942 _2ddc
_cBKS
999 _c3442
_d3442